<?xml version="1.0" encoding="UTF-8"?>
<record
    xmlns:xsi="http://www.w3.org/2001/XMLSchema-instance"
    xsi:schemaLocation="http://www.loc.gov/MARC21/slim http://www.loc.gov/standards/marcxml/schema/MARC21slim.xsd"
    xmlns="http://www.loc.gov/MARC21/slim">

  <leader>01860nam a22002894a 4500</leader>
  <controlfield tag="001">501</controlfield>
  <controlfield tag="003">BR-IBIA</controlfield>
  <controlfield tag="005">20260129100451.0</controlfield>
  <controlfield tag="008">230113s2010    spb           000 0 por</controlfield>
  <datafield tag="020" ind1=" " ind2=" ">
    <subfield code="a">9788576860761</subfield>
  </datafield>
  <datafield tag="040" ind1=" " ind2=" ">
    <subfield code="b">por</subfield>
  </datafield>
  <datafield tag="041" ind1=" " ind2=" ">
    <subfield code="h">por</subfield>
  </datafield>
  <datafield tag="082" ind1="0" ind2="4">
    <subfield code="a">B869.3</subfield>
    <subfield code="b">S762b</subfield>
  </datafield>
  <datafield tag="100" ind1=" " ind2=" ">
    <subfield code="a">Spohr, Eduardo,</subfield>
    <subfield code="d">1976-</subfield>
    <subfield code="9">1076</subfield>
  </datafield>
  <datafield tag="245" ind1="1" ind2="2">
    <subfield code="a">A batalha do apocalipse:</subfield>
    <subfield code="b">da queda dos anjos ao crep&#xFA;sculo do mundo /</subfield>
    <subfield code="c">Eduardo Spohr</subfield>
  </datafield>
  <datafield tag="250" ind1=" " ind2=" ">
    <subfield code="a">18. ed.</subfield>
  </datafield>
  <datafield tag="260" ind1=" " ind2=" ">
    <subfield code="a">Campinas, SP :</subfield>
    <subfield code="b">Verus,</subfield>
    <subfield code="c">2010.</subfield>
  </datafield>
  <datafield tag="300" ind1=" " ind2=" ">
    <subfield code="a">586p. ;</subfield>
  </datafield>
  <datafield tag="500" ind1=" " ind2=" ">
    <subfield code="a">

</subfield>
  </datafield>
  <datafield tag="520" ind1=" " ind2=" ">
    <subfield code="a">H&#xE1; muitos e muitos anos, h&#xE1; tantos anos quanto o n&#xFA;mero de estrelas no c&#xE9;u, o Para&#xED;so Celeste foi palco de um terr&#xED;vel levante. Um grupo de anjos guerreiros, amantes da justi&#xE7;a e da liberdade, desafiou a tirania dos poderosos arcanjos, levantando armas contra seus opressores. Expulsos, os renegados foram for&#xE7;ados ao ex&#xED;lio, e condenados a vagar pelo mundo dos homens at&#xE9; o dia do Ju&#xED;zo Final. Mas eis que chega o momento do Apocalipse, o tempo do ajuste de contas, o dia do despertar do Alt&#xED;ssimo. &#xDA;nico sobrevivente do expurgo, o l&#xED;der dos renegados &#xE9; convidado por L&#xFA;cifer, o Arcanjo Negro, a se juntar &#xE0;s suas legi&#xF5;es na batalha do Armagedon, o embate final entre o C&#xE9;u e o Inferno, a guerra que decidir&#xE1; n&#xE3;o s&#xF3; o destino do mundo, mas o futuro do universo. Das ru&#xED;nas da Babil&#xF4;nia ao esplendor do Imp&#xE9;rio Romano; das vastas plan&#xED;cies da China aos gelados castelos da Inglaterra medieval. A Batalha do Apocalipse n&#xE3;o &#xE9; apenas uma viagem pela hist&#xF3;ria humana, mas &#xE9; tamb&#xE9;m uma jornada de conhecimento, um &#xE9;pico empolgante, cheio de lutas her&#xF3;icas, magia, romance e suspense.
</subfield>
  </datafield>
  <datafield tag="650" ind1="0" ind2="4">
    <subfield code="a">Literatura brasileira</subfield>
    <subfield code="9">205</subfield>
  </datafield>
  <datafield tag="650" ind1="0" ind2="0">
    <subfield code="a">Fim do mundo</subfield>
    <subfield code="9">1077</subfield>
  </datafield>
  <datafield tag="650" ind1="0" ind2="0">
    <subfield code="a">Bem contra o mal</subfield>
    <subfield code="9">1078</subfield>
  </datafield>
  <datafield tag="655" ind1=" " ind2=" ">
    <subfield code="a">Romance</subfield>
    <subfield code="9">23</subfield>
  </datafield>
  <datafield tag="655" ind1=" " ind2=" ">
    <subfield code="a">Fic&#xE7;&#xE3;o</subfield>
    <subfield code="9">22</subfield>
  </datafield>
  <datafield tag="942" ind1=" " ind2=" ">
    <subfield code="2">ddc</subfield>
    <subfield code="n">0</subfield>
    <subfield code="c">BK</subfield>
  </datafield>
  <datafield tag="952" ind1=" " ind2=" ">
    <subfield code="0">0</subfield>
    <subfield code="1">0</subfield>
    <subfield code="2">ddc</subfield>
    <subfield code="4">0</subfield>
    <subfield code="7">0</subfield>
    <subfield code="8">FIC</subfield>
    <subfield code="a">BIBIB</subfield>
    <subfield code="b">BIBIB</subfield>
    <subfield code="c">LE</subfield>
    <subfield code="d">2026-01-29</subfield>
    <subfield code="e">doa&#xE7;&#xE3;o</subfield>
    <subfield code="l">0</subfield>
    <subfield code="o">B869.3 / S762b</subfield>
    <subfield code="p">2026-17435</subfield>
    <subfield code="r">2026-01-29 09:13:30</subfield>
    <subfield code="w">2026-01-29</subfield>
    <subfield code="y">BK</subfield>
  </datafield>
  <datafield tag="952" ind1=" " ind2=" ">
    <subfield code="0">0</subfield>
    <subfield code="1">0</subfield>
    <subfield code="2">ddc</subfield>
    <subfield code="4">0</subfield>
    <subfield code="7">0</subfield>
    <subfield code="8">FIC</subfield>
    <subfield code="a">BIBIB</subfield>
    <subfield code="b">BIBIB</subfield>
    <subfield code="c">LE</subfield>
    <subfield code="d">2026-01-29</subfield>
    <subfield code="e">doa&#xE7;&#xE3;o</subfield>
    <subfield code="l">0</subfield>
    <subfield code="o">B869.3 / S762b</subfield>
    <subfield code="p">2026-17436</subfield>
    <subfield code="r">2026-01-29 09:13:30</subfield>
    <subfield code="w">2026-01-29</subfield>
    <subfield code="y">BK</subfield>
  </datafield>
  <datafield tag="999" ind1=" " ind2=" ">
    <subfield code="c">501</subfield>
    <subfield code="d">501</subfield>
  </datafield>
</record>
